[Event "DVM U16 2016"]
[Site "Neumarkt in der Oberpfalz GER"]
[Date "2016.12.28"]
[Round "3"]
[White "Linnert, Niklas"]
[Black "Schilay, Lorenz"]
[Result "1/2-1/2"]
[Termination "normal"]
[Board "3.1"]
[WhiteElo "1806"]
[BlackElo "1840"]
[WhiteTeam "SK König Plauen"]
[BlackTeam "SK Neumarkt"]
[PlyCount "89"]
[WhiteFideId "12974781"]
[BlackFideId "12930180"]
[EventCountry "GER"]
[EventRounds "7"]
[EventType "team-swiss"]
[EventDate "2016.12.26"]

1. e4 e5 2. Nf3 Nc6 3. Bb5 a6 4. Ba4 d6 5. c3 Bg4 6. h3 Bh5 7. O-O Qf6 8. Bxc6+
bxc6 9. d3 Ne7 10. Bg5 Bxf3 11. Bxf6 Bxd1 12. Bxe7 Be2 13. Re1 Bh5 14. Bxf8
Rxf8 15. Nd2 Bg6 16. g4 h5 17. f3 Kd7 18. Kg2 Rfb8 19. b3 a5 20. Nc4 f6 21. Ne3
Bf7 22. Rg1 h4 23. g5 c5 24. Nf5 a4 25. Nxg7 fxg5 26. bxa4 Rxa4 27. Kf2 Rb2+
28. Ke3 Raxa2 29. Rxa2 Rxa2 30. Rxg5 Rh2 31. Nf5 Rxh3 32. Rg7 Ke8 33. Rh7 Bg6
34. Rh8+ Kf7 35. Nxh4 Kg7 36. Nxg6 Rxh8 37. Nxh8 Kxh8 38. f4 exf4+ 39. Kxf4 Kg7
40. Kg5 Kf7 41. Kf5 Ke7 42. e5 Kf7 43. d4 cxd4 44. cxd4 dxe5 45. Kxe5  1/2-1/2

[Event "DVM U16 2016"]
[Site "Neumarkt in der Oberpfalz GER"]
[Date "2016.12.28"]
[Round "3"]
[White "Neppert, Paul"]
[Black "Burian, Simon"]
[Result "0-1"]
[Termination "normal"]
[Board "3.2"]
[WhiteElo "1511"]
[BlackElo "1827"]
[WhiteTeam "SK Neumarkt"]
[BlackTeam "SK König Plauen"]
[PlyCount "54"]
[WhiteFideId "16219414"]
[BlackFideId "12956902"]
[EventCountry "GER"]
[EventRounds "7"]
[EventType "team-swiss"]
[EventDate "2016.12.26"]

1. e4 c5 2. Nc3 e6 3. g3 Nc6 4. Bg2 a6 5. d3 Nge7 6. Be3 Qa5 7. Qd2 d6 8. Nge2
Bd7 9. O-O Rd8 10. Rfd1 Ng6 11. f4 Be7 12. d4 cxd4 13. Nxd4 b5 14. Qf2 Rb8 15.
Nf3 O-O 16. e5 d5 17. g4 Qb4 18. Qd2 Rfc8 19. Ne2 Qxd2 20. Nxd2 Nb4 21. Rac1
Nxc2 22. Bf2 Nb4 23. a3 Nd3 24. Rb1 Ndxf4 25. Nxf4 Nxf4 26. Nb3 b4 27. axb4 Ba4
$155  0-1

[Event "DVM U16 2016"]
[Site "Neumarkt in der Oberpfalz GER"]
[Date "2016.12.28"]
[Round "3"]
[White "Graf, Lucas"]
[Black "Schilay, Eva"]
[Result "1/2-1/2"]
[Termination "normal"]
[Board "3.3"]
[WhiteElo "1716"]
[BlackElo "1595"]
[WhiteTeam "SK König Plauen"]
[BlackTeam "SK Neumarkt"]
[PlyCount "43"]
[WhiteFideId "12974889"]
[BlackFideId "12930164"]
[EventCountry "GER"]
[EventRounds "7"]
[EventType "team-swiss"]
[EventDate "2016.12.26"]

1. e4 d5 2. exd5 Qxd5 3. Nc3 Qd6 4. Bc4 Nf6 5. d4 a6 6. Bb3 e6 7. Nf3 b5 8. O-O
Bb7 9. Re1 Be7 10. Ne5 O-O 11. Nxf7 Rxf7 12. Rxe6 Qd7 13. Qe2 Nc6 14. Be3 Kh8
15. Rd1 Na5 16. Bg5 Nxb3 17. axb3 Raf8 18. Re1 Bd8 19. d5 h6 20. Bxf6 Bxf6 21.
f3 Bxc3 22. bxc3  1/2-1/2

[Event "DVM U16 2016"]
[Site "Neumarkt in der Oberpfalz GER"]
[Date "2016.12.28"]
[Round "3"]
[White "Balazs, Balint"]
[Black "Sieber, Fiona"]
[Result "1-0"]
[Termination "normal"]
[Board "4.1"]
[BlackTitle "WFM"]
[WhiteElo "2084"]
[BlackElo "2169"]
[WhiteTeam "Hagener SV"]
[BlackTeam "SG Aufbau Elbe Magdeburg"]
[PlyCount "81"]
[WhiteFideId "12922757"]
[BlackFideId "12902373"]
[EventCountry "GER"]
[EventRounds "7"]
[EventType "team-swiss"]
[EventDate "2016.12.26"]

1. d4 Nf6 2. Bf4 c5 3. d5 d6 4. c4 e5 5. Bc1 g6 6. Nc3 Bg7 7. e4 O-O 8. Bd3 Ne8
9. g4 f5 10. g5 a6 11. a4 b6 12. h4 Rf7 13. Nf3 Bf8 14. Ne2 Ng7 15. Ng3 Raa7
16. Qc2 f4 17. Nf1 Be7 18. Be2 Bd7 19. N3h2 h5 20. gxh6 Nh5 21. Rg1 Kh7 22.
Bxh5 gxh5 23. Qe2 f3 24. Nxf3 Bg4 25. Rxg4 hxg4 26. Ng5+ Bxg5 27. Bxg5 Qf8 28.
Ne3 b5 29. axb5 axb5 30. Rxa7 Rxa7 31. Nxg4 bxc4 32. Nf6+ Kh8 33. Qg4 Ra1+ 34.
Ke2 Ra2 35. Qf5 Rxb2+ 36. Kd1 Rb1+ 37. Kd2 Rb2+ 38. Kc3 Rb7 39. Kxc4 Rf7 40.
Qg6 Na6 41. Ne8  1-0

[Event "DVM U16 2016"]
[Site "Neumarkt in der Oberpfalz GER"]
[Date "2016.12.28"]
[Round "3"]
[White "Biastoch, Bennet"]
[Black "Laubrock, Paul"]
[Result "1-0"]
[Termination "normal"]
[Board "4.2"]
[WhiteElo "2115"]
[BlackElo "1931"]
[WhiteTeam "SG Aufbau Elbe Magdeburg"]
[BlackTeam "Hagener SV"]
[PlyCount "45"]
[WhiteFideId "12939889"]
[BlackFideId "1270509"]
[EventCountry "GER"]
[EventRounds "7"]
[EventType "team-swiss"]
[EventDate "2016.12.26"]

1. e4 d5 2. exd5 Qxd5 3. Nc3 Qa5 4. d4 Nf6 5. Nf3 Bg4 6. h3 Bh5 7. g4 Bg6 8.
Ne5 c6 9. Bc4 e6 10. Bd2 Qb6 11. Qe2 Be7 12. h4 Qxd4 13. O-O-O Be4 14. Bf4 Bd3
15. Qf3 Be4 16. Rxd4 Bxf3 17. Nxf3 Bc5 18. Rd2 Nxg4 19. Ne4 Bb6 20. Nd6+ Ke7
21. Ng5 Nxf2 22. Re1 Rg8 23. Ndxf7  1-0

[Event "DVM U16 2016"]
[Site "Neumarkt in der Oberpfalz GER"]
[Date "2016.12.28"]
[Round "3"]
[White "Brunner, Sophia"]
[Black "Roseneck, Jonas"]
[Result "0-1"]
[Termination "normal"]
[Board "4.3"]
[WhiteElo "1619"]
[BlackElo "2094"]
[WhiteTeam "Hagener SV"]
[BlackTeam "SG Aufbau Elbe Magdeburg"]
[PlyCount "48"]
[WhiteFideId "12960683"]
[BlackFideId "12939870"]
[EventCountry "GER"]
[EventRounds "7"]
[EventType "team-swiss"]
[EventDate "2016.12.26"]

1. e4 c5 2. Nc3 d6 3. Bc4 Nc6 4. Nge2 Nf6 5. d3 g6 6. Be3 Bg7 7. Qd2 O-O 8. Bh6
Na5 9. Bxg7 Kxg7 10. f3 e6 11. O-O-O a6 12. g4 d5 13. exd5 exd5 14. Bb3 d4 15.
Nb1 Nxb3+ 16. axb3 Nd5 17. h4 b5 18. h5 Ne3 19. Rdg1 Bb7 20. Rh3 Qf6 21. f4
Rae8 22. Qe1 Qe6 23. Qh4 Qe7 24. g5 Nf5  0-1

[Event "DVM U16 2016"]
[Site "Neumarkt in der Oberpfalz GER"]
[Date "2016.12.28"]
[Round "3"]
[White "Wagner, Benjamin"]
[Black "Scheidt, Mike Niklas"]
[Result "1-0"]
[Termination "normal"]
[Board "4.4"]
[WhiteElo "1926"]
[BlackElo "1580"]
[WhiteTeam "SG Aufbau Elbe Magdeburg"]
[BlackTeam "Hagener SV"]
[PlyCount "73"]
[WhiteFideId "12957330"]
[BlackFideId "12965235"]
[EventCountry "GER"]
[EventRounds "7"]
[EventType "team-swiss"]
[EventDate "2016.12.26"]

1. e4 e5 2. Nf3 Nc6 3. Bc4 Bc5 4. c3 d6 5. d3 Bg4 6. h3 Bh5 7. Nbd2 Qf6 8. g4
Bg6 9. Nb3 h6 10. Nxc5 dxc5 11. Be3 Qd6 12. Bb3 O-O-O 13. Bc2 Nf6 14. Nd2 Nd7
15. Nc4 Qe6 16. Qe2 h5 17. O-O-O hxg4 18. hxg4 Kb8 19. Kb1 Nf6 20. f3 Nd7 21.
Rh2 Rxh2 22. Qxh2 Qf6 23. f4 exf4 24. Bxf4 Rc8 25. g5 Qe6 26. Bb3 Qg4 27. Ne3
Qf3 28. Nd5 Bh5 29. Nxc7 a6 30. Nxa6+ Ka7 31. Nc7 Rh8 32. Nb5+ Ka8 33. Nc7+ Ka7
34. Nd5 Nf8 35. Be3 b6 36. Qc7+ Ka8 37. Nxb6#  1-0

[Event "DVM U16 2016"]
[Site "Neumarkt in der Oberpfalz GER"]
[Date "2016.12.28"]
[Round "3"]
[White "Merx, Florian"]
[Black "Silber, Kevin"]
[Result "0-1"]
[Termination "normal"]
[Board "5.1"]
[WhiteElo "1717"]
[BlackElo "2053"]
[WhiteTeam "SV Empor Erfurt"]
[BlackTeam "Delmenhorster SK"]
[PlyCount "86"]
[WhiteFideId "16212304"]
[BlackFideId "12930440"]
[EventCountry "GER"]
[EventRounds "7"]
[EventType "team-swiss"]
[EventDate "2016.12.26"]

1. e4 e5 2. Nf3 Nc6 3. Bb5 a6 4. Ba4 Nf6 5. O-O Be7 6. Re1 b5 7. Bb3 O-O 8. d3
d6 9. h3 Na5 10. c3 Nxb3 11. Qxb3 Be6 12. Qc2 c5 13. Bg5 Re8 14. Nbd2 h6 15.
Bh4 g5 16. Bg3 Nh5 17. Bh2 Qd7 18. Kh1 Nf4 19. Bxf4 gxf4 20. Kh2 Kh8 21. Rg1
Rg8 22. Rad1 Rac8 23. b3 Rg7 24. Qb2 Rcg8 25. d4 cxd4 26. cxd4 Qa7 27. Nf1 Bf6
28. dxe5 dxe5 29. Qe2 Qe7 30. N1d2 Bc8 31. Nb1 Qe6 32. Ne1 Bd8 33. Qf3 Rg5 34.
Rc1 Ba5 35. Nc3 Bxc3 36. Rxc3 Qg6 37. Rc7 Bxh3 38. Qxh3 Rh5 39. Nf3 Qg4 40. Rc3
f6 41. Rd3 b4 42. Ne1 Rxh3+ 43. Rxh3 Qe2  0-1

[Event "DVM U16 2016"]
[Site "Neumarkt in der Oberpfalz GER"]
[Date "2016.12.28"]
[Round "3"]
[White "Sinnhöfer, Jonas"]
[Black "Vo, Minh"]
[Result "1-0"]
[Termination "normal"]
[Board "5.2"]
[WhiteElo "1905"]
[BlackElo "1656"]
[WhiteTeam "Delmenhorster SK"]
[BlackTeam "SV Empor Erfurt"]
[PlyCount "65"]
[WhiteFideId "12982938"]
[BlackFideId "12976512"]
[EventCountry "GER"]
[EventRounds "7"]
[EventType "team-swiss"]
[EventDate "2016.12.26"]

1. c4 Nf6 2. g3 g6 3. Bg2 Bg7 4. Nc3 O-O 5. Nf3 d6 6. d3 e5 7. e4 Nh5 8. h3 Nd7
9. Bg5 Nhf6 10. Qd2 c6 11. O-O Nc5 12. Rad1 Ne6 13. Bh6 Bd7 14. Kh2 b5 15. b3
b4 16. Ne2 c5 17. Bxg7 Kxg7 18. Nh4 Nh5 19. Bh1 Rb8 20. Ng2 Ng5 21. f4 Ne6 22.
Ne3 exf4 23. gxf4 Nc7 24. f5 Qc8 25. Ng4 Kh8 26. Ng3 Rg8 27. Nxh5 gxh5 28. Nf6
Rg7 29. Qb2 Ne8 30. Nxh5 f6 31. Nxg7 Kxg7 32. Rg1+ Kf7 33. Qg2  1-0

[Event "DVM U16 2016"]
[Site "Neumarkt in der Oberpfalz GER"]
[Date "2016.12.28"]
[Round "3"]
[White "Schulz, Theresa Charlotte"]
[Black "Petri, Ben-Luca"]
[Result "1-0"]
[Termination "normal"]
[Board "5.3"]
[WhiteElo "1595"]
[BlackElo "1709"]
[WhiteTeam "SV Empor Erfurt"]
[BlackTeam "Delmenhorster SK"]
[PlyCount "49"]
[WhiteFideId "12952206"]
[BlackFideId "12947261"]
[EventCountry "GER"]
[EventRounds "7"]
[EventType "team-swiss"]
[EventDate "2016.12.26"]

1. d4 Nf6 2. Bg5 c5 3. Bxf6 gxf6 4. d5 Bg7 5. c3 d6 6. Nd2 Nd7 7. e4 f5 8. exf5
Nf6 9. Bb5+ Bd7 10. Qb3 O-O 11. Bd3 Nxd5 12. Qxd5 Bc6 13. Qb3 Bxg2 14. Be4 Bxh1
15. Bxh1 Rb8 16. O-O-O b5 17. Ne4 c4 18. Qc2 Bh6+ 19. Kb1 b4 20. f6 b3 21. Qe2
bxa2+ 22. Ka1 exf6 23. Rxd6 Qc7 24. Nxf6+ Kh8 25. Qe4  1-0

[Event "DVM U16 2016"]
[Site "Neumarkt in der Oberpfalz GER"]
[Date "2016.12.28"]
[Round "3"]
[White "Amler, Nick"]
[Black "Finke, Daniel"]
[Result "1-0"]
[Termination "normal"]
[Board "5.4"]
[WhiteElo "1758"]
[BlackElo "1560"]
[WhiteTeam "Delmenhorster SK"]
[BlackTeam "SV Empor Erfurt"]
[PlyCount "89"]
[WhiteFideId "12930539"]
[BlackFideId "16217675"]
[EventCountry "GER"]
[EventRounds "7"]
[EventType "team-swiss"]
[EventDate "2016.12.26"]

1. e4 e5 2. Nf3 Nc6 3. Nc3 Nf6 4. Be2 Be7 5. d4 exd4 6. Nxd4 Nxd4 7. Qxd4 d6 8.
Nd5 c6 9. Nxe7 Qxe7 10. f3 h6 11. Bf4 d5 12. e5 Nh5 13. Bd2 g5 14. e6 Qf6 15.
exf7+ Kxf7 16. Qd3 Bf5 17. Qb3 Qe7 18. g4 Rhe8 19. O-O-O Qxe2 20. Qxb7+ Qe7 21.
Qa6 Bc8 22. Qxc6 Bb7 23. Qxh6 Rh8 24. Qxg5 Qxg5 25. Bxg5 Nf6 26. h4 Rag8 27.
Be3 d4 28. Bxd4 Bxf3 29. Rhf1 Bxd1 30. Bxf6 Be2 31. Rf2 Rh7 32. Bg5+ Ke6 33.
Rxe2+ Kd7 34. b3 Rf8 35. Re4 Rf3 36. Ra4 Kc8 37. h5 Rhf7 38. Kb2 Rg7 39. Bc1
Rc7 40. g5 Rh3 41. h6 Rhc3 42. Rc4 R7xc4 43. bxc4 Rxc4 44. h7 Rh4 45. g6  1-0

[Event "DVM U16 2016"]
[Site "Neumarkt in der Oberpfalz GER"]
[Date "2016.12.28"]
[Round "3"]
[White "Kasüschke, Lars"]
[Black "Browning, Alex"]
[Result "1-0"]
[Termination "normal"]
[Board "6.1"]
[WhiteElo "1900"]
[BlackElo "1938"]
[WhiteTeam "SG Schwäbisch Gmünd"]
[BlackTeam "MS Halver-Schalksmühle"]
[PlyCount "63"]
[WhiteFideId "12939510"]
[BlackFideId "12984019"]
[EventCountry "GER"]
[EventRounds "7"]
[EventType "team-swiss"]
[EventDate "2016.12.26"]

1. e4 c5 2. Nf3 d6 3. d4 cxd4 4. Nxd4 Nf6 5. Nc3 a6 6. Bg5 e6 7. f4 h6 8. Bh4
Qb6 9. Qd2 Qxb2 10. Rb1 Qa3 11. Bc4 Be7 12. O-O O-O 13. e5 dxe5 14. fxe5 Nfd7
15. Rb3 Qc5 16. Ne4 Qa7 17. Bxe7 Nc6 18. Bxf8 Nxd4 19. Kh1 Nxb3 20. Qf4 Nxe5
21. Qxe5 Kxf8 22. Qd6+ Kg8 23. axb3 b5 24. Qd8+ Kh7 25. Bd3 f5 26. Ng3 Bb7 27.
Qd6 Re8 28. Nxf5 exf5 29. Bxf5+ Kg8 30. Qg6 Re7 31. Qh7+ Kf7 32. Bd7+  1-0

[Event "DVM U16 2016"]
[Site "Neumarkt in der Oberpfalz GER"]
[Date "2016.12.28"]
[Round "3"]
[White "Kölz, Niklas"]
[Black "Reindl, Arno"]
[Result "1-0"]
[Termination "normal"]
[Board "6.2"]
[WhiteElo "1801"]
[BlackElo "1854"]
[WhiteTeam "MS Halver-Schalksmühle"]
[BlackTeam "SG Schwäbisch Gmünd"]
[PlyCount "119"]
[WhiteFideId "12971758"]
[BlackFideId "12946729"]
[EventCountry "GER"]
[EventRounds "7"]
[EventType "team-swiss"]
[EventDate "2016.12.26"]

1. c4 e5 2. Nc3 Nf6 3. g3 Nc6 4. Bg2 d6 5. d3 g6 6. h3 Bg7 7. e4 Bd7 8. Nge2 h6
9. O-O Be6 10. Be3 Qd7 11. Kh2 Nh7 12. f4 h5 13. Qd2 Nf6 14. Nd5 Bxd5 15. cxd5
Ne7 16. fxe5 dxe5 17. Bg5 Nfg8 18. Qb4 c6 19. Qb3 f6 20. Be3 cxd5 21. exd5 f5
22. Rac1 Nf6 23. d6 Nc6 24. Qxb7 Qxb7 25. Bxc6+ Qxc6 26. Rxc6 Nd5 27. Bc5 Kd7
28. Ra6 Rhb8 29. Rb1 Rb5 30. b4 Rb7 31. Rb3 Rc8 32. Kg1 Rc6 33. Rba3 Rxa6 34.
Rxa6 Bf8 35. a3 Nb6 36. Nc3 Nc8 37. Na4 Nb6 38. Bxb6 axb6 39. Nxb6+ Kxd6 40.
Nc4+ Kd5 41. Ra5+ Kd4 42. Nxe5 Bg7 43. Nxg6 Kxd3 44. Nf4+ Ke3 45. Nxh5 Rc7 46.
Rxf5 Bd4 47. g4 Ke4+ 48. Kg2 Rc2+ 49. Kg3 Rc3+ 50. Kh4 Rxa3 51. Ng3+ Ke3 52. b5
Ra8 53. g5 Ra4 54. Kh5 Bc3 55. h4 Be1 56. Re5+ Kf2 57. Nf5 Bc3 58. Rc5 Ba1 59.
g6 Ra8 60. g7  1-0

[Event "DVM U16 2016"]
[Site "Neumarkt in der Oberpfalz GER"]
[Date "2016.12.28"]
[Round "3"]
[White "Reindl, Knut"]
[Black "Browning, Rebecca"]
[Result "1/2-1/2"]
[Termination "normal"]
[Board "6.3"]
[WhiteElo "1823"]
[BlackElo "1815"]
[WhiteTeam "SG Schwäbisch Gmünd"]
[BlackTeam "MS Halver-Schalksmühle"]
[PlyCount "122"]
[WhiteFideId "12946753"]
[BlackFideId "12984027"]
[EventCountry "GER"]
[EventRounds "7"]
[EventType "team-swiss"]
[EventDate "2016.12.26"]

1. c4 c5 2. Nf3 g6 3. g3 Bg7 4. Nc3 Nc6 5. Bg2 e6 6. d4 cxd4 7. Nb5 d5 8. cxd5
exd5 9. O-O a6 10. Nbxd4 Nge7 11. Be3 O-O 12. Nxc6 Nxc6 13. Nd4 Nxd4 14. Bxd4
Be6 15. Bxg7 Kxg7 16. Rc1 Qb6 17. Qd2 Rad8 18. b3 Rfe8 19. Rfd1 Kg8 20. Qd4 Qa5
21. a4 b6 22. Rc6 Bf5 23. Qxb6 Qxb6 24. Rxb6 Rxe2 25. Bf3 Rb2 26. Rxa6 d4 27.
g4 Bc2 28. Rd2 Rb1+ 29. Kg2 d3 30. Ra8 Rxa8 31. Bxa8 Rxb3 32. Be4 Rb4 33. Bxd3
Bxd3 34. Rxd3 Rxg4+ 35. Kh3 Rxa4 36. Kg3 Kg7 37. Rd5 Ra3+ 38. f3 h5 39. h4 Ra1
40. Kg2 Ra6 41. Rb5 Kf6 42. Kg3 Rd6 43. Ra5 Ke6 44. Rb5 f6 45. Ra5 Rd5 46. Ra8
Kf5 47. Rb8 g5 48. hxg5 Kxg5 49. Rg8+ Kh6 50. Rb8 Rd1 51. Ra8 Kg5 52. Rg8+ Kf5
53. Ra8 Rg1+ 54. Kh4 Rf1 55. Ra5+ Kg6 56. Kg3 Re1 57. Ra8 Kg5 58. Ra5+ Kg6 59.
Ra8 Rf1 60. Rh8 Kg5 61. Rg8+ Kf5  1/2-1/2

[Event "DVM U16 2016"]
[Site "Neumarkt in der Oberpfalz GER"]
[Date "2016.12.28"]
[Round "3"]
[White "Scholz, Sebastian"]
[Black "Reindl, Jork"]
[Result "1-0"]
[Termination "normal"]
[Board "6.4"]
[WhiteElo "1681"]
[BlackElo "1472"]
[WhiteTeam "MS Halver-Schalksmühle"]
[BlackTeam "SG Schwäbisch Gmünd"]
[PlyCount "73"]
[WhiteFideId "16202597"]
[BlackFideId "16200152"]
[EventCountry "GER"]
[EventRounds "7"]
[EventType "team-swiss"]
[EventDate "2016.12.26"]

1. e4 e6 2. d4 d5 3. Nc3 Bb4 4. exd5 exd5 5. Bd3 Nf6 6. a3 Ba5 7. Ne2 Be6 8.
O-O O-O 9. Bg5 Nbd7 10. Nf4 Qb8 11. Nxe6 fxe6 12. Re1 Re8 13. Bf4 Qc8 14. b4
Bb6 15. Bf1 c6 16. g3 Bc7 17. Bxc7 Qxc7 18. f4 b5 19. Bh3 Nf8 20. Re3 Re7 21.
Qe2 Rae8 22. Re1 Kf7 23. Bg2 Kg8 24. Nd1 a6 25. Nf2 h6 26. Nd3 Qa7 27. c3 Kf7
28. Ne5+ Kg8 29. Nxc6 Qc7 30. Nxe7+ Qxe7 31. f5 Kf7 32. Qf3 Qd7 33. fxe6+ Nxe6
34. Bh3 Ng5 35. Qxf6+ Kxf6 36. Bxd7 Nf3+ 37. Rxf3+  1-0

[Event "DVM U16 2016"]
[Site "Neumarkt in der Oberpfalz GER"]
[Date "2016.12.28"]
[Round "3"]
[White "Färber, David"]
[Black "Kesselmeier, Kevin"]
[Result "1-0"]
[Termination "normal"]
[Board "7.1"]
[WhiteElo "2159"]
[BlackElo "1893"]
[WhiteTeam "SV Walldorf"]
[BlackTeam "SK Blauer Springer Paderborn"]
[PlyCount "79"]
[WhiteFideId "12971294"]
[BlackFideId "16217551"]
[EventCountry "GER"]
[EventRounds "7"]
[EventType "team-swiss"]
[EventDate "2016.12.26"]

1. e4 c5 2. Nf3 d6 3. d4 cxd4 4. Nxd4 Nf6 5. Nc3 a6 6. Bg5 Nbd7 7. Qe2 e6 8.
O-O-O Be7 9. f4 b5 10. a3 Bb7 11. Kb1 Qc7 12. g4 Nc5 13. Bg2 h6 14. Bh4 Nfxe4
15. Nxe4 Bxh4 16. Nxc5 dxc5 17. Bxb7 Qxb7 18. Nf5 Be7 19. Nxg7+ Kf8 20. Nh5 Qc7
21. Qe4 Rb8 22. f5 e5 23. f6 Bd6 24. Qd5 Rd8 25. Ng7 Rg8 26. Rd2 Be7 27. fxe7+
Kxe7 28. Nf5+ Kf6 29. Qg2 Rxd2 30. Qxd2 Rxg4 31. Ne3 Rd4 32. Qxd4 cxd4 33. Nd5+
Kg5 34. Nxc7 f5 35. Ne6+ Kg4 36. Re1 f4 37. Rxe5 f3 38. Re4+ Kh3 39. Nf4+ Kxh2
40. Nd3  1-0

[Event "DVM U16 2016"]
[Site "Neumarkt in der Oberpfalz GER"]
[Date "2016.12.28"]
[Round "3"]
[White "Möller, Lisa-Marie"]
[Black "Hartmann, Cora"]
[Result "0-1"]
[Termination "normal"]
[Board "7.2"]
[WhiteElo "1772"]
[BlackElo "1856"]
[WhiteTeam "SK Blauer Springer Paderborn"]
[BlackTeam "SV Walldorf"]
[PlyCount "102"]
[WhiteFideId "12959367"]
[BlackFideId "16200764"]
[EventCountry "GER"]
[EventRounds "7"]
[EventType "team-swiss"]
[EventDate "2016.12.26"]

1. e4 e5 2. Nc3 Nc6 3. Bc4 Bc5 4. Qg4 g6 5. Qf3 Nf6 6. Nge2 d6 7. d3 h6 8. Nd5
Nxd5 9. Bxd5 Qe7 10. c3 Be6 11. Bxe6 fxe6 12. Be3 Bb6 13. Bxb6 axb6 14. O-O Kd7
15. d4 Qg7 16. Qd3 Rhf8 17. a3 Rad8 18. b4 Kc8 19. d5 exd5 20. exd5 Ne7 21. a4
Qf7 22. c4 Qf5 23. Qb3 Kd7 24. a5 Ra8 25. f4 Qe4 26. Rae1 exf4 27. axb6 g5 28.
bxc7 Nf5 29. Nc3 Qd4+ 30. Kh1 Ne3 31. Rf2 Nxc4 32. Rfe2 Ne5 33. Nb5 Qb6 34. Nc3
f3 35. gxf3 Rxf3 36. Qc4 Qxc7 37. Qxc7+ Kxc7 38. Nb5+ Kd7 39. Rc1 Nd3 40. Rc7+
Kd8 41. Ree7 Ra1+ 42. Kg2 Rf2+ 43. Kh3 Nf4+ 44. Kg4 Rg1+ 45. Kf5 Nxd5+ 46. Ke6
Nxc7+ 47. Rxc7 Re1+ 48. Kxd6 Rd2+ 49. Kc5 Rc1+ 50. Kb6 Rxc7 51. Nxc7 Rd6+  0-1

[Event "DVM U16 2016"]
[Site "Neumarkt in der Oberpfalz GER"]
[Date "2016.12.28"]
[Round "3"]
[White "Brede, Robert"]
[Black "Walow, Xenia"]
[Result "1-0"]
[Termination "normal"]
[Board "7.3"]
[WhiteElo "1471"]
[BlackElo "1627"]
[WhiteTeam "SV Walldorf"]
[BlackTeam "SK Blauer Springer Paderborn"]
[PlyCount "131"]
[WhiteFideId "12971405"]
[BlackFideId "12971839"]
[EventCountry "GER"]
[EventRounds "7"]
[EventType "team-swiss"]
[EventDate "2016.12.26"]

1. c4 c5 2. Nc3 Nc6 3. g3 g6 4. Bg2 Bg7 5. Nf3 d6 6. O-O e6 7. b3 a6 8. Rb1 Rb8
9. Bb2 b5 10. cxb5 axb5 11. Qc1 Nf6 12. Ne4 O-O 13. Nfg5 Nb4 14. Nxf6+ Bxf6 15.
Ne4 Be7 16. a3 Nd5 17. d3 f5 18. Nc3 Nxc3 19. Qxc3 Bf6 20. Qd2 e5 21. a4 Bb7
22. e4 Qd7 23. Qc2 Bc6 24. axb5 Rxb5 25. Bc3 Qb7 26. Rb2 Rb8 27. Rfb1 Qb6 28.
Qd2 Bd7 29. b4 Kg7 30. bxc5 Qxc5 31. Rxb5 Rxb5 32. Rc1 Qb6 33. Bf1 h6 34. Qc2
Rc5 35. Qb2 Rb5 36. Qc2 Bg5 37. Ra1 Rc5 38. d4 exd4 39. Bxd4+ Bf6 40. Bxc5 dxc5
41. Rd1 Be6 42. Bc4 Bxc4 43. Qxc4 Bd4 44. exf5 Qf6 45. Qe6 gxf5 46. Qxf6+ Kxf6
47. Re1 Kf7 48. Kg2 Kf6 49. f3 Kf7 50. h3 Bc3 51. Re2 Kf6 52. g4 fxg4 53. hxg4
Kg5 54. Kg3 c4 55. Re4 h5 56. f4+ Kg6 57. Rxc4 Be1+ 58. Kh3 hxg4+ 59. Kxg4 Bd2
60. Rc6+ Kf7 61. Kf5 Ba5 62. Ra6 Bb4 63. Ra7+ Be7 64. Rb7 Kf8 65. Ke6 Ke8 66.
Rxe7+ $155  1-0

[Event "DVM U16 2016"]
[Site "Neumarkt in der Oberpfalz GER"]
[Date "2016.12.28"]
[Round "3"]
[White "Wendler, David"]
[Black "Joeres, Stefan"]
[Result "0-1"]
[Termination "normal"]
[Board "8.1"]
[WhiteElo "1962"]
[BlackElo "1918"]
[WhiteTeam "SK Bebenhausen"]
[BlackTeam "Karlsruher SF"]
[PlyCount "98"]
[WhiteFideId "12938360"]
[BlackFideId "12983160"]
[EventCountry "GER"]
[EventRounds "7"]
[EventType "team-swiss"]
[EventDate "2016.12.26"]

1. e4 c5 2. c3 d5 3. exd5 Qxd5 4. d4 Nc6 5. Nf3 cxd4 6. cxd4 Bg4 7. Nc3 Qa5 8.
d5 Ne5 9. Nxe5 Bxd1 10. Bb5+ Kd8 11. Nxf7+ Kc7 12. Kxd1 g5 13. Bd2 Rd8 14. Nxh8
Bg7 15. Nf7 Bxc3 16. Bxc3 Rxd5+ 17. Kc2 Qxb5 18. Rae1 Qd3+ 19. Kc1 Qf5 20. Ne5
Nf6 21. f3 Nd7 22. Ng4 Qf7 23. Kb1 h5 24. Ne3 Rd3 25. Rc1 b6 26. Rhe1 Kb7 27.
Bb4 a5 28. Bc3 Nc5 29. Rcd1 Rxd1+ 30. Rxd1 Qf4 31. Nf1 Qf5+ 32. Ka1 Qc2 33. Re1
Qxg2 34. Rxe7+ Ka6 35. Re1 Nd3 36. Rb1 Qxf3 37. h4 g4 38. Nd2 Qe2 39. Nb3 g3
40. Nd4 Qg4 41. b4 Nxb4 42. a3 Nd5 43. Nb5 Nxc3 44. Nxc3 g2 45. Nd5 Qd4+ 46.
Rb2 g1=Q+ 47. Ka2 Qxd5+ 48. Rb3 a4 49. Kb2 Qxb3#  0-1

[Event "DVM U16 2016"]
[Site "Neumarkt in der Oberpfalz GER"]
[Date "2016.12.28"]
[Round "3"]
[White "Wiesner, Alexander"]
[Black "Freiherr von Hauff, Christopher"]
[Result "1-0"]
[Termination "normal"]
[Board "8.2"]
[WhiteElo "1989"]
[BlackElo "1793"]
[WhiteTeam "Karlsruher SF"]
[BlackTeam "SK Bebenhausen"]
[PlyCount "111"]
[WhiteFideId "12943991"]
[BlackFideId "16200691"]
[EventCountry "GER"]
[EventRounds "7"]
[EventType "team-swiss"]
[EventDate "2016.12.26"]

1. d4 f5 2. e4 fxe4 3. Nc3 Nf6 4. Bg5 e6 5. Nxe4 Be7 6. Bxf6 Bxf6 7. Nf3 b6 8.
Bd3 Nc6 9. c3 Bb7 10. O-O Qe7 11. Qe2 O-O 12. Qc2 g6 13. Rfe1 d5 14. Nxf6+ Qxf6
15. Ne5 Nxe5 16. Rxe5 c5 17. Qe2 Rae8 18. Re1 Bc8 19. Qe3 c4 20. Be2 Qh4 21. g3
Qf6 22. Bg4 Kg7 23. f4 Kf7 24. f5 gxf5 25. Bh5+ Kg7 26. Bxe8 Rxe8 27. Rxd5 Re7
28. Qe5 Qxe5 29. Rdxe5 Kf6 30. d5 Bd7 31. Kf2 Re8 32. Kf3 a6 33. Kf4 b5 34.
dxe6 Rxe6 35. Rxf5+ Kg6 36. Rxe6+ Bxe6 37. Rc5 Bd7 38. Rc7 Bh3 39. Rc6+ Kf7 40.
Rxa6 h5 41. Ra7+ Kg6 42. Rb7 Kf6 43. Rxb5 Ke6 44. Rxh5 Bf1 45. Rg5 Bh3 46. a4
Kd6 47. a5 Kc6 48. Re5 Bd7 49. h4 Bc8 50. h5 Kd6 51. h6 Kc6 52. h7 Ba6 53. h8=Q
Kd6 54. Qf6+ Kc7 55. Re7+ Kd8 56. Qf8#  1-0